A Song of Ice and Fire - Groups of seven - Statistics

General Stats
  • This quiz has been taken 93 times
  • The average score is 35 of 49
Answer Stats
Hint Answer % Correct
Aerys' Kingsguard Jaime Lannister
94%
Great House Stark
92%
Books A Game of Thrones
91%
Kingdoms Dorne
91%
Kingdoms Kingdom of the North
91%
Great House Lannister
89%
Gods Mother
89%
Great House Baratheon
86%
Gods Father
86%
Kingdoms Kingdom of the Rock
86%
Kingdoms Kingdom of the Storm
86%
Books A Feast for Crows
85%
Kingdoms Kingdom of the Mountain and the Vale
85%
Gods Warrior
85%
Aerys' Kingsguard Lewyn Martell
83%
Great House Martell
83%
Castles Winterfell
83%
Great House Tyrell
82%
Books A Clash of Kings
80%
Castles Highgarden
78%
Kingdoms Kingdom of the Reach
78%
Gods Stranger
78%
Castles Sunspear
78%
Books A Storm of Swords
77%
Books The Winds of Winter
77%
Great House Tully
77%
Great House Arryn
75%
Small Council Master of Coin
75%
Castles Casterly Rock
74%
Small Council Hand of the King
74%
Gods Smith
74%
Castles The Eyrie
74%
Books A Dance with Dragons
72%
Kingdoms Kingdom of the Isles and the Rivers
69%
Gods Maiden
69%
Castles Storm's End
69%
Books A Dream of Spring
66%
Gods Crone
65%
Small Council Master of Ships
65%
Aerys' Kingsguard Arthur Dayne
58%
Aerys' Kingsguard Barristan Selmy
55%
Castles Harrenhall
55%
Small Council Grand Maester
52%
Aerys' Kingsguard Gerold Hightower
46%
Small Council Master of Whisperers
38%
Small Council Lord Commander of the Kingsguard
32%
Small Council Master of Laws
31%
Aerys' Kingsguard Oswell Whent
22%
Aerys' Kingsguard Jonothor Darry
12%
No matching quizzes found
Score Distribution
Percent of People with Each Score
Percentile by Number Answered
Your Score History
You have not taken this quiz